000 00357pab a2200145 454500
008 180718b1985 xxu||||| |||| 00| 0 eng d
100 _aSarath, S.
245 _a`Garibi Hatao'
_bElements of a strategy
260 _c1985
300 _a1406-8
362 _a17 Aug.
650 _aPoverty - India
773 _aEconomic and Political Weekly
909 _a15873
999 _c15873
_d15873